1237 1012 1315 1951 1513 1032 1320 1683 1699 1826 1142 1481 1458 1993 1475 1860 1110 1130 1401 1678 1275 1281 1323 1284 1732 2000 1155 1956 1989 1381 1296 1176 1113 1833 1387 1428 1219 1257 1673 1564 1651 1279 1044 1419 1182 1498 1041 1886 1980 1669 1227 1027 1806 1989 1826 1883 1116 1283 1396 1194 1503 1057 1365 1698 1661 1711 1463 1335 1022 1747 1876 1324 1792 1152 1309 1767 1038 1355 1768 1749 1420 1317 1197 1152 1976 1066 1529 1844 1998 1508 1343 1118 1100 1787 1528 1296 1995 1833 1265 BCNSPRNW ULIB Ver.6.0+V

เปลี่ยนเป็นภาษาไทย

Change to English
 แสดงรายละเอียดบรรณานุกรม
  กลับหน้าหลัก

Brief Record : Get Marc (ISO 2709) : E-mail record : QR code < ปิดหน้าต่าง
LEADER : 00000nam 2200000uu 4500
001    13399127791
003     ULIB
008    210914s2562||||th 000 0 tha d
020    ^a9789740326519
050  4 ^aHA62^bย351ห
100 0  ^aยุทธ ไกยวรรณ์
245 10 ^aหลักสถิติวิจัยและการใช้โปรแกรม spss/^cยุทธ ไกยวรรณ์
250    ^aพิมพ์ครั้งที่ 6
260    ^aกรุงเทพฯ :^bสำนักพิมพ์แห่งจุฬาลงกรณ์มหาวิทยาลัย,^c2562
300    ^a563 หน้า :^bภาพประกอบ
650  4 ^aวิจัย
650  4 ^aวิจัย^xระเบียบวิธีทางสถิติ
650  4 ^aวิจัย^xสถิติ
650  4 ^aสถิติ
650  4 ^aสถิติวิเคราะห์
650  4 ^aสถิติศาสตร์
650  4 ^aสังคมศาสตร์^xระเบียบวิธีทางสถิติ
650  4 ^aเอสพีเอสเอส (โปรแกรมคอมพิวเตอร์)
945    ^p355^l0^i28907
945    ^p355^l0^i28908
995    ^aกัณชพร
999 ^a ใช้งานได้ทุกระบบ
รายการนี้ยังไม่มีแท็ก
คุณยังไม่ได้ล็อกอิน คุณสามารถมีกิจกรรมร่วมกับเว็บไซต์ได้ แต่ต้องล็อกอินก่อน ::
  ล็อกอิน

รายการสื่อสารสนเทศ

ลำดับที่ ประเภท เลขเรียก/บาร์โค้ด สถานที่ สถานะ
1. หนังสือสำรอง
หนังสือสำรอง
HA62 ย351ห ฉ.1 
  Barcode: 28907
ห้องสมุดวิทยาเขตนครสวรรค์
►หนังสือทั่วไป:l:General Books
บนชั้น
2. วิทยาศาสตร์การแพทย์ และสุขภาพ
วิทยาศาสตร์การแพทย์ และสุขภาพ
HA62 ย351ห ฉ.2 
  Barcode: 28908
ห้องสมุดวิทยาเขตนครสวรรค์
►หนังสือทั่วไป:l:General Books
บนชั้น

รายการใกล้เคียง
    ผู้แต่ง [ยุทธ ไกยวรรณ์]

    หัวเรื่อง [วิจัย]
    หัวเรื่อง [สถิติ]
    หัวเรื่อง [สถิติวิเคราะห์]
    หัวเรื่อง [สถิติศาสตร์]
    หัวเรื่อง [เอสพีเอสเอส (โปรแกรมคอมพิวเตอร์)]

BibComment


ยังไม่เคยถูกคอมเมนท์

คอมเมนท์ทรัพยากรรายการนี้
  คอมเมนท์: หลักสถิติวิจัยแล..


 Copyright 2026. Bcnsprnw @Library